Statistiques concernant Histoire: les batailles de la France (QCM)

Cliquez ici pour prendre le quiz!

Statistiques générales

  • Ce quiz a été pris 871 fois
  • Le résultat moyen est 14 sur 20

Statistiques - réponses

QuestionRéponse% Correct
Bataille de Waterloo (18 juin 1815)Défaite
97%
Siège d'Alésia (52 av. J-C)Défaite
94%
Bataille de Poitiers (25 octobre 732)Victoire
93%
Bataille de Verdun (21 février - 19 décembre 1916)Victoire
92%
Bataille d'Austerlitz (2 décembre 1805)Victoire
91%
Bataille de Soissons (486)Victoire
89%
Bataille de Diên Biên Phu (20 novembre1953 - 7 mai 1954)Défaite
88%
Bataille de Royan et de la pointe de la Grave (12 septembre 1944 - 30 avril 1945)Victoire
79%
Siège d'Orléans (12 octobre 1428 - 8 mai 1429)Victoire
79%
Siège de Gergovie (52 av. J-C)Victoire
74%
Bataille d'Azincourt (25 octobre 1415)Défaite
67%
Bataille navale de Sandwich (24 août 1217)Défaite
63%
Bataille des champs Catalauniques (20 - 22 septembre 451)Victoire
61%
Siège de Rouen (1204)Victoire
61%
Siège de Chartres (20 juillet 911)Victoire
55%
Siège de Damas (23 - 28 juillet 1148)Défaite
51%
Bataille de Brissarthe (15 septembre 866)Défaite
42%
Bataille du Garigliano (29 décembre 1503)Défaite
39%
Bataille de Verneuil (17 août 1424)Défaite
39%
Bataille de Varaville (22 mars 1057)Défaite
38%

Distribution des résultats

Percentile par nombre de réponses

% des personnes avec chaque résultat

Votre développement - résultats

Vous n’avez pas pris ce quiz